Statistics for Континенталне државе

Click here to take the quiz!

General Stats

  • This quiz has been taken 765 times
  • The average score is 29 of 44

Answer Stats

Површина (км2)Држава% Correct
88,361Србија
97%
78,867Чешка
84%
0.44Ватикан
83%
49,035Словачка
83%
83,871Аустрија
82%
2,724,900Казахстан
82%
93,028Мађарска
81%
41,284Швајцарска
80%
61Сан Марино
80%
468Андора
78%
1,564,100Монголија
77%
2586Луксембург
76%
160Лихтенштајн
75%
143,100Таџикистан
72%
25,713Северна Македонија
72%
1,267,000Нигер
72%
447,400Узбекистан
71%
406,752Парагвај
71%
1,284,000Чад
71%
199,951Киргистан
71%
488,100Туркменистан
70%
147,181Непал
70%
1,098,581Боливија
69%
647,500Авганистан
65%
1,240,192Мали
65%
207,600Белорусија
65%
38,394Бутан
63%
619,745Јужни Судан
62%
33,846Молдавија
59%
622,984Централноафричка Република
59%
30,355Лесото
54%
390,757Зимбабве
52%
1,104,300Етиопија
52%
582,000Боцвана
51%
26,338Руанда
51%
29,743Јерменија
50%
241,038Уганда
50%
17,364Есватини
50%
752,612Замбија
50%
236,800Лаос
49%
86,600Азербејџан
47%
27,834Бурунди
41%
118,484Малави
41%
274,222Буркина Фасо
40%

Score Distribution

Percentile by Number Answered

Percent of People with Each Score

Your Score History

You have not taken this quiz